|
|
แสดงรายละเอียดบรรณานุกรม |
|
|
Brief Record
: Get Marc (ISO 2709)
: E-mail record
: |
|
|
| LEADER 00000nam 2200000uu 4500 | |||
| 001 209794 | |||
| 003 ULIBM | |||
| 008 140512s2554||||th 000 0 tha d | |||
| 020 ^a9789743504495 | |||
| 041 0 ^atha^beng | |||
| 060 4 ^aWM172 ส271ร 2554 | |||
| 100 0 ^aสมภพ เรืองตระกูล | |||
| 245 10 ^aโรคกังวลและเวชปฏิบัติ/^bสมภพ เรืองตระกูล | |||
| 250 ^aพิมพ์ครั้งที่ 1 | |||
| 260 ^aกรุงเทพฯ : ^bคณะแพทยศาสตร์ศิริราชพยาบาล มหาวิทยาลัยมหิดล,^c2554. | |||
| 300 ^a347 หน้า. | |||
| 440 0 ^aตำราจิตเวชสำหรับแพทย์เวชศาสตร์ครอบครัว ^vชุดที่ 21. | |||
| 650 4 ^aโรคประสาทกังวล | |||
| 650 4 ^aโรคกังวล ^xการดูแล | |||
| 710 2 ^a มหาวิทยาลัยมหิดล คณะแพทยศาสตร์ศิริราชพยาบาล. | |||
| 999 ^aใช้งานได้ทุกระบบ | |||
| คุณยังไม่ได้ล็อกอิน คุณสามารถมีกิจกรรมร่วมกับเว็บไซต์ได้ แต่ต้องล็อกอินก่อน :: |
|
| สถานะ | |||||||||
| 1. | หนังสือสำรอง สถานะ=หนังสือเก่า - บริการ ณ ห้องสมุด (ห้องเหลือง) | WM172 ส271ร 2554 | On Shelf ขอยืม | ||||||
| Note:ปีงบประมาณ 2557 | |||||||||
| 2. | หนังสือทั่วไป สถานะ=หนังสือเก่า - บริการ ณ ห้องสมุด (ห้องเหลือง) | WM172 ส271ร 2554 ฉ.3 | On Shelf ขอยืม | ||||||
| Note:ปีงบประมาณ 2557 | |||||||||
| 3. | หนังสือทั่วไป สถานะ=หนังสือเก่า - บริการ ณ ห้องสมุด (ห้องเหลือง) | WM172 ส271ร 2554 ฉ.7 | On Shelf ขอยืม | ||||||
| Note:ปีงบประมาณ 2557 | |||||||||
| [แสดง 3/3 รายการ] | |||||||||
| รายการใกล้เคียง ผู้แต่ง [สมภพ เรืองตระกูล]
|
BibComment |
| คอมเมนท์ทรัพยากรรายการนี้ |
|
|